Report of the general wage board for the cotton textile industry (Record no. 1443857)

MARC details
000 -LEADER
fixed length control field 00569nam a2200193Ia 4500
005 - DATE AND TIME OF LATEST TRANSACTION
control field 20250923144827.0
008 - FIXED-LENGTH DATA ELEMENTS--GENERAL INFORMATION
fixed length control field 008 250917s9999 xx 000 0 eng d
037 ## - SOURCE OF ACQUISITION
Stock number Textual
040 ## - CATALOGING SOURCE
Original cataloging agency DSWL
Language of cataloging eng
Transcribing agency DSWL
041 ## - LANGUAGE CODE
Language code of text/sound track or separate title eng
Source of code eng
084 ## - COLON CLASSIFICATION NUMBER
Classification number X8(M71):93.2'N57t, N60
Assigning agency DSWL
245 #0 - TITLE STATEMENT
Title Report of the general wage board for the cotton textile industry
260 ## - PUBLICATION, DISTRIBUTION, ETC.
Place of publication, distribution, etc. New Delhi
Name of publisher, distributor, etc. DelhiAll India Trade
Date of publication, distribution, etc. 1960
300 ## - PHYSICAL DESCRIPTION
Extent xvi,166p.
365 ## - TRADE PRICE
Price type code INR
Price amount 3
925 ## -
-- 3
942 ## - ADDED ENTRY ELEMENTS (KOHA)
Koha item type Textual
Classification part X8(M71):93.2'N57t, N60
Holdings
Withdrawn status Lost status Damaged status Not for loan Home library Current library Date acquired Total Checkouts Full call number Barcode Date last seen Price effective from Koha item type
        Department of Social Work Library Department of Social Work Library 2025-09-23   X8(M71):93.2'N57t, N60 SW0008426 2025-09-23 2025-09-23 Textual
Copyright @ Delhi University Library System